| 000 | 00965nam0a22002651 4500 | ||
|---|---|---|---|
| 001 | v19\rc\2007369 | ||
| 005 | 20260407044556.0 | ||
| 035 | _a(NLR Aleph) 005082340 | ||
| 090 |
_a7210047 _c7210047 |
||
| 100 | _a20080811d1915 u y0rusy50 ca | ||
| 101 | 0 | _arus | |
| 102 | _aRU | ||
| 105 | _ay z ||||| | ||
| 200 | 1 | _aИнструкция вооруженному конвою (караулу), сопровождающему артиллерийские грузы при перевозке по железным дорогам | |
| 210 |
_aРостов-на-Дону _cТ-во "Печатня С.П. Яковлева" _d1915 |
||
| 215 |
_a8 с. _d22 |
||
| 710 | 0 | 2 |
_aОдесский военный округ _bШтаб _9532293 _3RU\NLR\AUTH\8810017226 |
| 801 | 0 |
_aRU _bNLR _gpsbo |
|
| 801 | 0 |
_aRU _bRuMoRGB _2psbo |
|
| 801 | 1 |
_aRU _bProSoft-M _2rusmarc |
|
| 852 |
_aNLR _j37.59.4.331 |
||
| 899 |
_aRuMoRGB _jΔ 412/91 |
||
| 899 | _aБАН | ||
| 942 | _cBOOK | ||
| 980 | _aNB | ||